Oriental carpets (Record no. 7479)
[ view plain ]
| 000 -CABECERA | |
|---|---|
| campo de control de longitud fija | 00649nam a2200217 a 4500 |
| 001 - NÚMERO DE CONTROL | |
| campo de control | BRCA_7805 |
| 005 - FECHA Y HORA DE LA ÚLTIMA TRANSACCIÓN | |
| campo de control | 20190320210013.0 |
| 008 - DATOS DE LONGITUD FIJA--INFORMACIÓN GENERAL | |
| campo de control de longitud fija | 161013s1960----nyua######---#000-0#eng-# |
| 041 ## - CÓDIGO DE LENGUA | |
| Código de lengua del texto/banda sonora o título independiente | eng |
| 044 ## - CÓDIGO DEL PAÍS DE LA ENTIDAD EDITORA/PRODUCTORA | |
| Código MARC del país | nyu |
| 050 #4 - SIGNATURA TOPOGRÁFICA DE LA BIBLIOTECA DEL CONGRESO | |
| Número de clasificación | NK2808 |
| Número de documento/Ítem | .E73 1960 |
| 100 1# - ENTRADA PRINCIPAL--NOMBRE DE PERSONA | |
| Nombre de persona | Erdmann, Kurt |
| 9 (RLIN) | 19334 |
| 245 10 - MENCIÓN DE TÍTULO | |
| Título | Oriental carpets |
| Resto del título | an essay on their history |
| Mención de responsabilidad, etc. | Kurt Erdmann ; translated by Charles Grant Ellis. |
| 260 ## - PUBLICACIÓN, DISTRIBUCIÓN, ETC. | |
| Lugar de publicación, distribución, etc. | Nueva York |
| Nombre del editor, distribuidor, etc. | Universe Books |
| Fecha de publicación, distribución, etc. | c1960 |
| 300 ## - DESCRIPCIÓN FÍSICA | |
| Extensión | 78 p. |
| Otras características físicas | il. (algunas a color), 187 láminas |
| Dimensiones | 27 cm. |
| 500 ## - NOTA GENERAL | |
| Nota general | X85 |
| 650 14 - PUNTO DE ACCESO ADICIONAL DE MATERIA--TÉRMINO DE MATERIA | |
| Término de materia o nombre geográfico como elemento de entrada | Tapetes orientales |
| 9 (RLIN) | 7601 |
| 700 1# - PUNTO DE ACCESO ADICIONAL--NOMBRE DE PERSONA | |
| Nombre de persona | Grant Ellis, Charles |
| Término indicativo de función/relación | tr. |
| 9 (RLIN) | 19335 |
| 902 ## - CATALOGADOR | |
| Iniciales | GFM |
| 942 ## - ELEMENTOS DE PUNTO DE ACCESO ADICIONAL (KOHA) | |
| Fuente del sistema de clasificación o colocación | Library of Congress Classification |
| Tipo de ítem Koha | Libros |
| Estado de retiro | Estado de pérdida | Estado dañado | No para préstamo | Localización permanente | Ubicación/localización actual | Fecha de adquisición | Número de inventario | Total de préstamos | Signatura topográfica completa | Código de barras | Fecha visto por última vez | Precio válido a partir de | Tipo de ítem Koha |
|---|---|---|---|---|---|---|---|---|---|---|---|---|---|
| El ejemplar forma parte de la colección y puede ser consultado según las políticas vigentes. | Biblioteca del Museo Franz Mayer (Rogerio Casas-Alatriste) | Biblioteca del Museo Franz Mayer (Rogerio Casas-Alatriste) | 16/10/2013 | X85 | NK2808 .E73 1960 (X85) | 8414 | 22/03/2019 | 22/03/2019 | Libros |